Check list of endemic trees of the Malay Peninsula

Bibliographic Details
Main Author: NG
Corporate Author: Institut Penyelidikan Perhutanan Malaysia (FRIM)
Other Authors: Low
Format: Book
Published: Kuala Lumpur : Forestry Department Peninsular Malaysia , 1982
Series:Research pamphlet ; no. 88
Subjects:

MARC

LEADER 00000cam a2200000 7i4500
001 0000003005
005 20040331.0
090 0 0 |a RP 582.160216   |b NG 1982 
100 1 0 |a NG   |h F. S. P. 
245 1 0 |a Check list of endemic trees of the Malay Peninsula   |c by F.S.P. Ng & C.M. Low 
260 0 0 |a Kuala Lumpur :   |b Forestry Department Peninsular Malaysia ,   |c 1982 
300 |a 94 p. ;   |c 30 cm. 
440 0 0 |a Research pamphlet ; no. 88 
650 0 0 |a Trees   |z Peninsular Malaysia   |x Classification 
700 0 1 |a Low   |h C. M. 
710 1 1 |a Institut Penyelidikan Perhutanan Malaysia (FRIM) 
998 |a JPSM 
999 |a 0000005309   |b Monograph   |c Open Shelf   |e Default branch 
999 |a 0000005310   |b Monograph   |c Open Shelf   |e Default branch